Pokémon that are Yellow - Statistics

General Stats
  • This quiz has been taken 4 times
  • The average score is 65 of 106
Answer Stats
Number Pokémon Type % Correct
#015 Beedrill Bug/Poison
100%
#014 Kakuna Bug/Poison
100%
#015 Mega Beedrill Bug/Poison
100%
#026 Mega Raichu X Electric
100%
#026 Mega Raichu Y Electric
100%
#052 Meowth Normal
100%
#053 Persian Normal
100%
#025 Pikachu Electric
100%
#077 Ponyta Fire
100%
#026 Raichu Electric
100%
#078 Rapidash Fire
100%
#027 Sandshrew Ground
100%
#028 Sandslash Ground
100%
#869 Alcremie (Lemon Mint, Ruby Swirl, Rainbow Swirl) Fairy
67%
#103 Alolan Exeggutor Grass/Dragon
67%
#181 Ampharos Electric
67%
#566 Archen Rock/Flying
67%
#567 Archeops Rock/Flying
67%
#267 Beautifly Bug/Flying
67%
#836 Boltund Electric
67%
#742 Cutiefly Bug/Fairy
67%
#155 Cyndaquil Fire
67%
#702 Dedenne Electric/Fairy
67%
#825 Dottler Bug/Psychic
67%
#096 Drowzee Psychic
67%
#800 Dusk Mane Necrozma Psychic/Steel
67%
#125 Electabuzz Electric
67%
#466 Electivire Electric
67%
#239 Elekid Electric
67%
#103 Exeggutor Grass/Psychic
67%
#870 Falinks Fighting
67%
#955 Flittle Psychic
67%
#596 Galvantula Bug/Electric
67%
#1000 Gholdengo Steel/Ghost
67%
#203 Girafarig Normal/Psychic
67%
#157 Hisuian Typhlosion Fire/Ghost
67%
#097 Hypno Psychic
67%
#385 Jirachi Steel/Psychic
67%
#135 Jolteon Electric
67%
#595 Joltik Bug/Electric
67%
#542 Leavanny Bug/Grass
67%
#296 Makuhita Fighting
67%
#181 Mega Ampharos Electric/Dragon
67%
#870 Mega Falinks Fighting
67%
#701 Mega Hawlucha Fighting/Flying
67%
#227 Mega Skarmory Steel/Flying
67%
#071 Mega Victreebel Grass/Poison
67%
#619 Mienfoo Fighting
67%
#774 Minor (Yellow Core) Rock/Flying
67%
#146 Moltres Fire/Flying
67%
#877 Morpeko (Full Belly Mode) Electric/Dark
67%
#414 Mothim Bug/Flying
67%
#038 Ninetales Fire
67%
#322 Numel Fire/Ground
67%
#741 Oricorio (Pom-Pom Style) Electric/Flying
67%
#921 Pawmi Electric
67%
#922 Pawmo Electric/Fighting
67%
#923 Pawmot Electric/Fighting
67%
#279 Pelipper Water/Flying
67%
#054 Psyduck Water
67%
#156 Quilava Fire
67%
#1021 Raging Bolt Electric/Dragon
67%
#243 Raikou Electric
67%
#743 Ribombee Bug/Fairy
67%
#559 Scraggy Dark/Fighting
67%
#540 Sewaddle Bug/Grass
67%
#213 Shuckle Bug/Rock
67%
#931 Squawkabilly (Yellow Plumage) Normal/Flying
67%
#785 Tapu Koko Electric/Fairy
67%
#157 Typhlosion Fire
67%
#800 Ultra Necrozma Psychic/Dragon
67%
#480 Uxie Psychic
67%
#494 Victini Psychic/Fire
67%
#666 Vivillon (Continental Pattern) Bug/Flying
67%
#835 Yamper Electric
67%
#145 Zapdos Electric/Flying
67%
#807 Zeraora Electric
67%
#433 Chingling Psychic
33%
#563 Cofagrigus Ghost
33%
#415 Combee Bug/Flying
33%
#488 Cresselia Psychic
33%
#878 Cufant Steel
33%
#982 Dudunsparce Normal
33%
#206 Dunsparce Normal
33%
#956 Espartha Psychic
33%
#926 Fidough Fairy
33%
#612 Haxorus Dragon
33%
#685 Heliolisk Electric/Normal
33%
#694 Helioptile Electric/Normal
33%
#647 Keldeo Water/Fighting
33%
#941 Kilowattrel Electric/Flying
33%
#337 Lunatone Rock/Psychic
33%
#310 Manectric Electric
33%
#978 Mega Tatsugiri (Stretchy Form) Dragon/Water
33%
#778 Mimikyu Ghost/Fairy
33%
#312 Minun Electric
33%
#291 Ninjask Bug/Flying
33%
#172 Pichu Electric
33%
#311 Plusle Electric
33%
#894 Regieleki Electric
33%
#192 Sunflora Grass
33%
#191 Sunkern Grass
33%
#938 Tadbulb Electric
33%
#978 Tatsugiri (Stretchy Form) Dragon/Water
33%
#948 Toedscool Ground/Grass
33%
#416 Vespiquen Bug/Flying
33%
No matching quizzes found
Score Distribution
Percent of People with Each Score
Percentile by Number Answered
Your Score History
You have not taken this quiz